00476nam a22001577a 450000500170000000800410001702000280005804100130008608200120009910000250011124500540013625000190019026000560020930000280026565000250029320231113071112.0231113b |||||||| |||| 00| 0 eng d a0409050008 ; 0409050016 aEnglish  a346 RAB aRabie, PJ lEnglish  aThe Law of Estoppel in South Africa / cPJ Rabie  aFirst Edition  aDurban : bButterworth Publishers (Pty) Ltd, c1992 bx, 130 pages ;c25 cm.  aLegal practice bLaw